Biggest Cities That Speak French - Statistics

General Stats
  • This quiz has been taken 52 times
    30 since last reset
  • The average score is 15 of 25
Answer Stats
Continent Answer % Correct
Europe Paris
100%
North America Montreal
86%
Africa Kinshasa
81%
Europe Lyon
81%
Europe Marseille
81%
Africa Tunis
81%
Africa Algiers
76%
Africa Dakar
76%
Africa Abidjan
71%
Africa Casablanca
71%
Africa Rabat
71%
Africa Bamako
67%
North America Port Au Prince
67%
Africa Yaounde
67%
Africa Brazzaville
62%
Africa Conakry
62%
Africa Ouagadougou
57%
Africa Lome
52%
Africa Douala
48%
Africa N'Djamena
43%
Africa Nouakchott
43%
Asia Beirut
33%
Africa Lubumbashi
33%
Africa Mbuji Mayi
19%
Africa Kananga
14%
No matching quizzes found
Score Distribution
Percent of People with Each Score
Percentile by Number Answered
Your Score History
You have not taken this quiz since the last reset